书目信息 |
| 题名: |
苏霍姆林斯基经典案例中的教育智慧
|
|
| 作者: | 刘淑英 , 李秀香 , 张汉川 著 | |
| 分册: | ||
| 出版信息: | 长春 吉林文史出版社 2017 |
|
| 页数: | 225页 | |
| 开本: | 24cm | |
| 丛书名: | ||
| 单 册: | ||
| 中图分类: | G40-095.12 , G40-095 | |
| 科图分类: | ||
| 主题词: | ||
| 电子资源: | ||
| ISBN: | 978-7-5472-3997-1 | |
| 000 | 01166nam0 2200277 450 | |
| 001 | 012001004136 | |
| 005 | 20131016131735.0 | |
| 010 | @a978-7-5472-3997-1@dCNY38.00 | |
| 099 | @aCAL 012017155198 | |
| 100 | @a20170725d2017 em y0chiy50 ea | |
| 101 | 0 | @achi |
| 102 | @aCN@b220000 | |
| 105 | @ay z 000yy | |
| 106 | @ar | |
| 200 | 1 | @a苏霍姆林斯基经典案例中的教育智慧@Asu huo mu lin si ji jing dian an li zhong de jiao yu zhi hui@f刘淑英,李秀香,张汉川等著 |
| 210 | @a长春@c吉林文史出版社@d2017 | |
| 215 | @a225页@d24cm | |
| 330 | @a本书精选了苏霍姆林斯基教育生涯中部分精彩的教育案例,并结合苏霍姆林斯基当时的教育环境和我们目前的教育实际,对案例中蕴含的教育智慧进行了深入浅出的分析,以期让我们从他的教育智慧中获得借鉴。内容包括:自然教学案例;课堂教学案例;品德教育案例;情感教育案例等。 | |
| 600 | 0 | @a苏霍姆林斯基@ASu Huo Mu Lin Si Ji@c(Suhomlinskii, Vasilii Aleksanlrovich@f1918-1970)@x教育思想 |
| 690 | @aG40-095.12@v5 | |
| 690 | @aG40-095@v5 | |
| 701 | 0 | @a刘淑英@Aliu shu ying@4著 |
| 701 | 0 | @a李秀香@Ali xiu xiang@4著 |
| 701 | 0 | @a张汉川@Azhang han chuan@4著 |
| 801 | 2 | @aCN@b江苏凤凰@c20191020 |
| 905 | @b1234873-6@dG40-095.12@e1048@f4 | |
| 苏霍姆林斯基经典案例中的教育智慧/刘淑英,李秀香,张汉川等著.-长春:吉林文史出版社,2017 |
| 225页;24cm |
| ISBN 978-7-5472-3997-1:CNY38.00 |
| 本书精选了苏霍姆林斯基教育生涯中部分精彩的教育案例,并结合苏霍姆林斯基当时的教育环境和我们目前的教育实际,对案例中蕴含的教育智慧进行了深入浅出的分析,以期让我们从他的教育智慧中获得借鉴。内容包括:自然教学案例;课堂教学案例;品德教育案例;情感教育案例等。 |
| ● |
| 相关链接 |
|
|
|
|
正题名:苏霍姆林斯基经典案例中的教育智慧
索取号:G40-095.12/1048
 
预约/预借
| 序号 | 登录号 | 条形码 | 馆藏地/架位号 | 状态 | 备注 |
| 1 | 1234873 | 212348734 | 第一样本阅览室/ [索取号:G40-095.12/1048] | 在馆 | |
| 2 | 1234874 | 212348743 | 第四借阅区/ [索取号:G40-095.12/1048] | 在馆 | |
| 3 | 1234875 | 212348752 | 第四借阅区/ [索取号:G40-095.12/1048] | 在馆 | |
| 4 | 1234876 | 212348761 | 教育系资料室/ [索取号:G40-095.12/1048] | 在馆 |